000
00312nam a22001457a 4500
020
_a
978-93-89538-47-2
041
_a
ENG
100
_a
Laxmikanth.M
245
_a
Indian Polity
250
_a
Sixth
260
_a
Hyderabad
_b
MC Graw Hill
_c
2020
300
_a
412
650
_a
UPSC
856
_u
Competitive Exam
999
_c
146
_d
146